[Event "AUTO-OPEN-1177"]
[Site "http://www.queenalice.com/game.php?id=559850"]
[Date "2009.3.22"]
[Round "3"]
[White "QQ123"]
[Black "nenem"]
[Result "1-0"]
[WhiteElo "2314"]
[BlackElo "1959"]

1. e4 e5 2. Nf3 Nf6 3. Nxe5 Nc6 4. Nxc6 dxc6 5. e5 Nd5 6. d4 Be7 7. Bd3 O-O 8.
O-O b5 9. a4 Bd7 10. axb5 cxb5 11. Nc3 Nxc3 12. bxc3 Bc6 13. Qg4 g6 14. f4 Qd5
15. f5 h5 16. Qe2 a6 17. Bh6 Kh7 18. Bxf8 Rxf8 19. fxg6+ fxg6 20. Qxh5+ 1-0

[Event "AUTO-OPEN-1240"]
[Site "http://www.queenalice.com/game.php?id=607861"]
[Date "2009.6.23"]
[Round "3"]
[White "QQ123"]
[Black "Ikki_de_Fenix"]
[Result "1/2-1/2"]
[WhiteElo "2325"]
[BlackElo "2552"]

1. e4 e5 2. Nf3 Nc6 3. Bb5 a6 4. Ba4 Nf6 5. O-O Be7 6. Re1 b5 7. Bb3 O-O 8. c3
d6 9. h3 Na5 10. Bc2 c5 11. d4 Qc7 12. Nbd2 Nc6 13. d5 Na5 14. b3 Bd7 15. Nf1 c4
16. Ba3 Bd8 17. Ne3 g6 18. Bb4 Rc8 19. Nd2 Nh5 20. Nf5 Nb7 21. bxc4 Nf4 22. Ne3
Nc5 23. cxb5 axb5 24. a4 Ncd3 25. Bxd3 Nxd3 26. axb5 Bxb5 27. Qe2 Bg5 28. Ndf1
Nxb4 29. Qxb5 Rb8 30. Qa5 Qxc3 31. Rec1 Qd3 32. Rc4 Qb3 33. Qa3 Qxa3 34. Rxa3
Kg7 35. Rcc3 Ra8 36. Nc4 Be7 37. Nfe3 h5 38. Nb6 Rxa3 39. Rxa3 Rb8 40. Nec4 Bf8
41. h4 Nc2 42. Ra7 Nd4 43. f3 Nb5 44. Rd7 Kg8 45. Kf2 Bh6 46. g3 f5 47. Re7 f4
48. g4 Bf8 49. Rd7 hxg4 50. fxg4 Nc3 51. Kf3 Nb5 52. Kf2 Nc3 53. Kf3 Nb5 54. Kf2
1/2-1/2

[Event "AUTO-OPEN-1240"]
[Site "http://www.queenalice.com/game.php?id=607862"]
[Date "2009.6.23"]
[Round "3"]
[White "Ikki_de_Fenix"]
[Black "QQ123"]
[Result "1/2-1/2"]
[WhiteElo "2546"]
[BlackElo "2332"]

1. d4 Nf6 2. c4 e6 3. Nf3 b6 4. g3 Ba6 5. b3 Bb7 6. Bg2 Bb4+ 7. Bd2 a5 8. O-O
O-O 9. a3 Bxd2 10. Qxd2 Ne4 11. Qc2 f5 12. Nfd2 d5 13. Nc3 Nd7 14. Ndxe4 dxe4
15. f3 exf3 16. Bxf3 Bxf3 17. exf3 Nf6 18. Rad1 Re8 19. Rfe1 Qd6 20. Qc1 Rad8
21. Kg2 Kf7 22. Qe3 Rd7 23. Qc1 Rdd8 24. Nb5 Qd7 25. Qc2 c6 26. Nc3 Qc7 27. Qe2
Qe7 28. Qb2 Qc7 29. b4 axb4 30. axb4 Rd7 31. Qb3 Ree7 32. Re2 Qd8 33. Red2 Kg8
34. Qa2 Qc7 35. Qb3 Qd8 36. Qa4 Qc8 37. Re2 Re8 38. Qb3 Kh8 39. Ree1 Rdd8 40.
Na4 b5 41. cxb5 cxb5 42. Nc5 Rd6 43. Qb2 Nd5 44. Rc1 Qb8 45. Qb3 Nc7 46. Rcd1 h6
47. Qb2 Kg8 48. Qb3 Kh8 49. Re2 Qa8 50. Qb2 Red8 51. Qc3 Qc6 52. Qb2 1/2-1/2

[Event "AUTO-OPEN-1438"]
[Site "http://www.queenalice.com/game.php?id=677207"]
[Date "2009.11.3"]
[Round "2"]
[White "vincentlennon"]
[Black "QQ123"]
[Result "0-1"]
[WhiteElo "1977"]
[BlackElo "2347"]

1. e4 c5 2. Nf3 d6 3. d4 cxd4 4. Nxd4 Nf6 5. Nc3 a6 6. Be3 e6 7. Be2 Be7 8. f4
O-O 9. g4 d5 10. e5 Ne4 11. Nxe4 dxe4 12. g5 Qc7 13. Qd2 b5 14. c3 Rd8 15. a3
Nc6 16. O-O-O b4 17. a4 Bd7 18. b3 Nxd4 19. Bxd4 bxc3 20. Qxc3 Qb7 21. Bc4 Rdc8
22. Kd2 Bb4 0-1

[Event "AUTO-OPEN-1438"]
[Site "http://www.queenalice.com/game.php?id=677208"]
[Date "2009.11.3"]
[Round "2"]
[White "QQ123"]
[Black "vincentlennon"]
[Result "1-0"]
[WhiteElo "2348"]
[BlackElo "1975"]

1. e4 e6 2. d4 d5 3. Nd2 Nf6 4. e5 Nfd7 5. Bd3 c5 6. c3 Nc6 7. Ne2 Qb6 8. Nf3
cxd4 9. cxd4 Be7 10. O-O f6 11. Nf4 fxe5 12. Nxe6 e4 13. Bf4 Kf7 14. Nc7 Nf6 15.
Ne5+ Nxe5 16. dxe5 Ng4 17. Be2 g5 18. Nxa8 Qd8 19. Bxg4 Bxg4 20. Qxg4 gxf4 21.
e6+ Kf6 22. Qxf4+ Kxe6 23. Nc7+ Kd7 24. Rac1 Rf8 25. Qg4+ 1-0

[Event "AUTO-OPEN-1438"]
[Site "http://www.queenalice.com/game.php?id=743416"]
[Date "2010.3.9"]
[Round "3"]
[White "QQ123"]
[Black "Champignac"]
[Result "1-0"]
[WhiteElo "2350"]
[BlackElo "1855"]

1. e4 e5 2. Nf3 Nc6 3. Bb5 d6 4. d4 Bd7 5. O-O Nf6 6. Re1 a6 7. Bxc6 Bxc6 8. Nc3
Be7 9. dxe5 dxe5 10. Qxd8+ Rxd8 11. Nxe5 Bxe4 12. Nxe4 Nxe4 13. Nd3 Nd6 14. Nc5
a5 15. Bf4 b6 16. Na6 Rd7 17. Nb8 Rd8 18. Nc6 Rd7 19. Bxd6 cxd6 20. Re2 f6 21.
Rae1 Kf7 22. Rxe7+ Rxe7 23. Rxe7+ Kg6 24. Rd7 Re8 25. Kf1 Kf5 26. Rxd6 Re4 27.
c3 g5 28. Nd4+ Kg6 29. Rxb6 1-0

[Event "AUTO-OPEN-1438"]
[Site "http://www.queenalice.com/game.php?id=743417"]
[Date "2010.3.9"]
[Round "3"]
[White "Champignac"]
[Black "QQ123"]
[Result "0-1"]
[WhiteElo "1859"]
[BlackElo "2349"]

1. e4 c5 2. f4 d5 3. exd5 Nf6 4. c4 e6 5. dxe6 Bxe6 6. Nf3 Nc6 7. b3 Bd6 8. Be2
Bxf4 9. O-O O-O 10. Bb2 Re8 11. d4 cxd4 12. Bd3 Ng4 13. Bc1 Be3+ 14. Bxe3 Nxe3
15. Qe1 Nxf1 16. Qxf1 Qa5 17. Nbd2 Bf5 18. Bxf5 Qxf5 19. Qf2 d3 20. Qh4 Re2 21.
Rf1 f6 22. Nd4 Qc5 23. Nf3 Rd8 24. Kh1 Nxd4 25. Qf4 Nxf3 26. Qxf3 Qe5 27. h3 d2
0-1

[Event "AUTO-OPEN-2462"]
[Site "http://www.queenalice.com/game.php?id=979235"]
[Date "2011.8.31"]
[Round "1"]
[White "cunha"]
[Black "QQ123"]
[Result "1-0"]
[WhiteElo "2836"]
[BlackElo "2356"]

1. e4 c5 2. Nf3 Nc6 3. d4 cxd4 4. Nxd4 Qb6 5. Nb3 Nf6 6. Nc3 e6 7. a3 Qc7 8. Be3
d6 9. f4 a6 10. Qf3 Be7 11. O-O-O b5 12. e5 dxe5 13. Na5 exf4 14. Bxf4 e5 15.
Nxc6 Bg4 16. Nd5 Nxd5 17. Qxd5 Rc8 18. Qxe5 Qxc6 19. Rd2 1-0

[Event "AUTO-OPEN-2462"]
[Site "http://www.queenalice.com/game.php?id=979263"]
[Date "2011.8.31"]
[Round "1"]
[White "QQ123"]
[Black "geraldo"]
[Result "1-0"]
[WhiteElo "2354"]
[BlackElo "1526"]

1. e4 e5 2. Nf3 Nc6 3. d4 exd4 4. Bc4 Qf6 5. O-O Nh6 6. c3 dxc3 7. Nxc3 Bb4 8.
Nd5 Qd6 9. Bf4 Qc5 10. Nxc7+ Kd8 11. Rc1 Na5 12. Bxf7 Qe7 13. Ne6+ Qxe6 14. Bxe6
Re8 15. Bd5 Ng4 16. Qa4 1-0

[Event "AUTO-OPEN-2462"]
[Site "http://www.queenalice.com/game.php?id=979264"]
[Date "2011.8.31"]
[Round "1"]
[White "geraldo"]
[Black "QQ123"]
[Result "0-1"]
[WhiteElo "1509"]
[BlackElo "2355"]

1. e4 c5 2. Nf3 Nc6 3. c3 d5 4. Qa4 dxe4 5. Qxe4 Nf6 6. Qc4 e5 7. Na3 h6 8. d3
a6 9. Be2 b5 10. Qb3 Be7 11. Be3 O-O 12. c4 Rb8 13. O-O bxc4 14. Qxc4 Rxb2 15.
Bc1 Rxe2 16. d4 Re4 17. Be3 Nxd4 18. Bxd4 exd4 19. Qc2 Qd5 20. Rab1 d3 21. Qc3
Rg4 22. Rbd1 Qxf3 23. g3 Bb7 24. Rxd3 Qg2# 0-1

[Event "AUTO-OPEN-2462"]
[Site "http://www.queenalice.com/game.php?id=979265"]
[Date "2011.8.31"]
[Round "1"]
[White "QQ123"]
[Black "maurice91"]
[Result "1-0"]
[WhiteElo "2352"]
[BlackElo "1722"]

1. e4 c6 2. d4 d5 3. exd5 cxd5 4. c4 dxc4 5. Bxc4 e6 6. Nf3 Bb4+ 7. Nc3 Nc6 8.
O-O Nge7 9. a3 Bxc3 10. bxc3 Nd5 11. Qd3 h6 12. Bb3 Qb6 13. Bc2 Qc7 14. Bd2 Bd7
15. c4 Nf6 16. d5 exd5 17. cxd5 Nd8 18. Bb4 Bg4 19. Rfe1+ Kd7 20. Re7+ 1-0

[Event "AUTO-OPEN-2462"]
[Site "http://www.queenalice.com/game.php?id=979266"]
[Date "2011.8.31"]
[Round "1"]
[White "maurice91"]
[Black "QQ123"]
[Result "0-1"]
[WhiteElo "1680"]
[BlackElo "2353"]

1. c4 c5 2. Nf3 Nf6 3. Nc3 e6 4. e4 d6 5. Be2 Be7 6. O-O O-O 7. d3 a6 8. b3 Nc6
9. Bb2 Nd4 10. Rb1 Bd7 11. Qd2 Qa5 12. Rfd1 Qc7 13. h3 b5 14. cxb5 axb5 15. Ra1
b4 16. Nb1 Nxe2+ 17. Qxe2 Bc6 18. Nbd2 Qb7 19. Re1 Ra6 20. Nc4 Nd7 21. Qe3 Rfa8
22. a4 bxa3 23. Rxa3 Rxa3 24. Bxa3 Qxb3 25. Ra1 Bf6 26. Rb1 Qxb1+ 0-1

[Event "Let's Play Chess!"]
[Site "http://www.queenalice.com/game.php?id=980698"]
[Date "2011.9.3"]
[Round "-"]
[White "QQ123"]
[Black "AMDias"]
[Result "1-0"]
[WhiteElo "2353"]
[BlackElo "1352"]

1. e4 e5 2. Nf3 Nc6 3. d4 exd4 4. Bc4 Bb4+ 5. c3 dxc3 6. bxc3 Bd6 7. O-O Qf6 8.
Re1 Nge7 9. Bg5 Qg6 10. e5 Bc5 11. Bd3 Qe6 12. Nbd2 h6 13. Bh4 Bb6 14. Ne4 Nf5
15. Nf6+ Kf8 16. Bxf5 Qxf5 17. Nd5 Qe6 18. Rb1 Rb8 19. Qd3 Qg6 20. Re4 Qe6 21.
Rf4 d6 22. exd6 Qxd6 23. Bg3 Qd8 24. Re1 Bd7 25. Bh4 g5 26. Rf6 Kg7 27. Bxg5
hxg5 28. Nxg5 Qxf6 29. Nxf6 Kxf6 30. Qxd7 Kxg5 31. Qxf7 Rhe8 32. Rxe8 Rxe8 33.
Qxe8 Kf6 34. h4 Bc5 35. h5 Bd6 36. h6 Ne5 37. h7 Ng6 38. Qxg6+ Kxg6 39. h8=Q Kf7
40. g4 Be7 41. f4 Bf6 42. Qh7+ Ke8 43. Qxc7 Bd8 44. Qxb7 Be7 45. Kg2 Kf7 46. c4
a5 47. Kf3 a4 48. Qd7 Kf8 49. Ke4 Kf7 50. Kf5 a3 51. g5 Kf8 52. Kg6 Kg8 53. Qxe7
Kh8 54. Qf8# 1-0